000 00587nam a2200193Ia 4500
005 20260114185833.0
008 008 260114s9999 xx 000 0 eng d
020 _a9781472549495
037 _aEBOOK
040 _aCRL
_beng
_cCRL
041 _aeng
_2eng
084 _qCRL
100 _aSheila J. Nayar
_9875007
245 4 _aThe Sacred and the Cinema Reconfiguring the 'Genuinely' Religious Film
260 _bBloomsbury
_c2012
856 _uhttps://doi.org/10.5040/9781472549495?locatt=label:secondary_bloomsburyCollections
942 _cEBOOK
999 _c1473941
_d1473941